header

Fuel cells science and engineering (Record no. 84747)

MARC details
000 -LEADER
fixed length control field 01553nam a2200313 a 4500
245 00 - TITLE STATEMENT
Title Fuel cells science and engineering
260 ## - PUBLICATION, DISTRIBUTION, ETC. (IMPRINT)
Place of publication Weinheim, Germany :
Name of publisher Wiley-VCH,
Year of publication 2012.
300 ## - PHYSICAL DESCRIPTION
Number of Pages 2 v. in 1 :
Other physical details ill.
490 0# - SERIES STATEMENT
Series statement Fuel cells science and engineering : materials, processes, systems and technology ;
505 0# - FORMATTED CONTENTS NOTE
Formatted contents note pt. 1. Technology -- pt. 2. Materials and production processes -- pt. 3. Analytics and diagnostics -- pt. 4. Quality assurance -- pt. 5. Modeling and simulation -- pt. 6. Balance of plant design and components -- pt. 7. Systems verification and market introduction.
650 #0 - SUBJECT ADDED ENTRY--TOPICAL TERM
Topical Term Fuel cells.
700 1# - ADDED ENTRY--PERSONAL NAME
Personal name Stolten, Detlef.
Personal name Emonts, Bernd.
856 40 - ELECTRONIC LOCATION AND ACCESS
Uniform Resource Identifier http://site.ebrary.com/lib/rucke/Doc?id=10580253

No items available.

© 2026 Rongo University
Contact us: librarian | system librarian | Rongo university